Basic financial accounting for the hospitality industry / (Record no. 14234)
[ view plain ]
| 000 -LEADER | |
|---|---|
| fixed length control field | 00789nam a2200217 a 4500 |
| 003 - CONTROL NUMBER IDENTIFIER | |
| control field | PILC |
| 005 - DATE AND TIME OF LATEST TRANSACTION | |
| control field | 20150818125129.0 |
| 008 - FIXED-LENGTH DATA ELEMENTS--GENERAL INFORMATION | |
| fixed length control field | 100719s19uu xx 00 eng d |
| 020 ## - INTERNATIONAL STANDARD BOOK NUMBER | |
| International Standard Book Number | 9780866121347 |
| 050 ## - LIBRARY OF CONGRESS CALL NUMBER | |
| Classification number | HF 5686.H75 |
| Item number | .Sc348 1996 |
| 082 ## - DEWEY DECIMAL CLASSIFICATION NUMBER | |
| Classification number | ASF 657.1838 |
| Item number | Sch5 1996 |
| 100 ## - MAIN ENTRY--PERSONAL NAME | |
| Personal name | Schmidgall, Raymond S. |
| 9 (RLIN) | 3726 |
| 245 ## - TITLE STATEMENT | |
| Title | Basic financial accounting for the hospitality industry / |
| Statement of responsibility, etc | Schmidgall, Raymond S.; Damitio, James W. |
| 260 ## - PUBLICATION, DISTRIBUTION, ETC. (IMPRINT) | |
| Place of publication, distribution, etc | Lansing, Michigan : |
| Name of publisher, distributor, etc | Educational Institute of the American Hotel and Lodging Association, |
| Date of publication, distribution, etc | 1996. |
| 300 ## - PHYSICAL DESCRIPTION | |
| Extent | 513 pages : |
| Other physical details | illustration ; |
| Dimensions | 23 cm. |
| 500 ## - GENERAL NOTE | |
| General note | Includes index. |
| 650 ## - SUBJECT ADDED ENTRY--TOPICAL TERM | |
| Topical term or geographic name as entry element | Financial Accounting |
| 9 (RLIN) | 3437 |
| 650 ## - SUBJECT ADDED ENTRY--TOPICAL TERM | |
| Topical term or geographic name as entry element | Hospitality industry - |
| General subdivision | Accounting |
| 9 (RLIN) | 4221 |
| 700 ## - ADDED ENTRY--PERSONAL NAME | |
| Personal name | Damitio, James W. |
| 9 (RLIN) | 3728 |
| 942 ## - ADDED ENTRY ELEMENTS (KOHA) | |
| Source of classification or shelving scheme | Library of Congress Classification |
| Koha item type | Books |
| Withdrawn status | Lost status | Source of classification or shelving scheme | Damaged status | Home library | Current library | Shelving location | Date acquired | Total Checkouts | Full call number | Barcode | Date last seen | Copy number | Price effective from | Koha item type | Date checked out | Total Renewals | Source of acquisition | Public note |
|---|---|---|---|---|---|---|---|---|---|---|---|---|---|---|---|---|---|---|
| Library of Congress Classification | Southville International School Affiliated with Foreign Universities Library | Southville International School Affiliated with Foreign Universities Library | Southville Foreign University Section | 07/25/2013 | HF 5686.H75 .Sch348 1996 | SFU0702 | 05/15/2018 | 1 | 07/25/2013 | Books | ||||||||
| Library of Congress Classification | Southville International School Affiliated with Foreign Universities Library | Southville International School Affiliated with Foreign Universities Library | Southville Foreign University Section | 07/25/2013 | 1 | HF 5686.H75 .Sch348 1996 | SFU0703 | 05/15/2018 | 2 | 07/25/2013 | Books | 10/21/2014 | ||||||
| Library of Congress Classification | Southville International School Affiliated with Foreign Universities Library | Southville International School Affiliated with Foreign Universities Library | Southville Foreign University Section | 07/25/2013 | HF 5686.H75 .Sch348 1996 | SFU0704 | 05/15/2018 | 3 | 07/25/2013 | Books | ||||||||
| Library of Congress Classification | Southville International School Affiliated with Foreign Universities Library | Southville International School Affiliated with Foreign Universities Library | Southville Foreign University Section | 07/25/2013 | 1 | HF 5686.H75 .Sch348 1996 | SFU0705 | 10/28/2019 | 4 | 07/25/2013 | Books | 09/09/2019 | 5 | |||||
| Withdrawn | Library of Congress Classification | Southville International School Affiliated with Foreign Universities Library | Southville International School Affiliated with Foreign Universities Library | 08/18/2015 | HF 5686.H75 .Sc348 1996 | SFU2538 | 05/15/2018 | 08/18/2015 | Books | Donation | Books donated |